000 00391nam a2200145 i 4500
001 bg
100 1 _aŁUBA, Tadeusz
245 0 _aProgramowalne moduły logiczne w syntezie układów cyfrowych /
_cT. Łuba, B. Zbierzchowski.
260 _aWarszawa,
_c1990.
700 1 _aZBIERZCHOWSKI, Bogdan
040 _cBPK
041 _apol
942 _cKS
008 s pl f |000 0 pol
999 _c4319
_d4319
856 _uhttp://koha.tu.koszalin.pl/cgi-bin/koha/opac-detail.pl?biblionumber=4319
_yKatalog online BPK